[Event "RUS-chT Blitz Men 2018"]
[Site "Sochi"]
[Date "2018.10.10"]
[Round "5"]
[White "Usmanov, Vasily"]
[Black "Belyakov, Bogdan"]
[Result "1-0"]
[WhiteElo "2453"]
[BlackElo "2458"]
[Annotator "TA"]
[PlyCount "106"]
[EventDate "2018.10.10"]
[EventType "swiss"]
[EventCountry "RUS"]
[SourceTitle "playchess.com"]
[Source "ChessBase"]
[SourceQuality "1"]

{[%evp 11,106,18,16,18,26,26,26,0,0,8,43,26,50,47,37,31,37,21,57,13,41,-39,19,-4,31,0,47,0,25,0,0,-3,0,0,38,0,0,-102,-18,-18,-27,-18,-27,-133,-25,-128,-129,-184,-190,-178,38,36,44,49,354,382,356,284,663,624,876,527,1229,-124,-107,-120,-114,-109,687,667,662,638,29992,29993,29993,29982,29982,29983,29983,0,0,0,29983,29983,29988,29989,29989,29962,7033,6920,5397,3585,29969,29970,12830,11572,29986]} 1. d4 Nf6 2. Bg5 c5 3. Bxf6 gxf6 4. d5 Qb6 5. Qc1 f5 6. c4 Bg7 7. Nc3 {A45: Trompowsky Attack} d6 8. e3 Nd7 9. Nge2 {White has an edge.} (9. Qc2 Ne5 10. Nh3 Bd7 11. Be2 Ng6 12. O-O O-O 13. Kh1 Qd8 14. Rad1 a6 {½-½ (61) Vitiugov,N (2734)-Hou,Y (2658) Belokurikha 2018}) 9... Ne5 10. Nf4 Rg8 11. Be2 Bd7 12. Qc2 O-O-O 13. a3 $146 ({Predecessor:} 13. O-O Ng6 14. Nh5 Be5 {1-0 (36) Muukkonen,K (2437)-Bobykin,K (2397) ICCF email 2014}) 13... Kb8 14. O-O Bh6 15. Kh1 Ng4 16. Bd3 (16. Rab1 $14) 16... e6 ({Black should play} 16... e5 $15 17. Nh3 Rde8) 17. Rae1 Ne5 18. Nh5 Rg6 19. Nf4 Rgg8 20. Nce2 Nxd3 21. Qxd3 e5 $36 {[%mdl 2048] Black has the initiative.} 22. Nh5 Rg5 23. Nf6 Bc8 24. f4 ({Much worse is} 24. Nxh7 Rg6 $17) (24. b4 $11) 24... e4 (24... Rg6 $17 25. fxe5 Qxb2) 25. Qc3 Rg6 {And now ...Bg7 would win.} 26. Nh5 $1 Rdg8 27. Neg3 (27. Rf2 $11 {keeps the balance.}) 27... Qd8 (27... Bf8 $1 $17 28. b4 Rh6) 28. Kg1 (28. b4 $11 {was the only way to keep the balance.}) 28... Qh4 29. Re2 {[#]} (29. Rb1 $17) 29... Bf8 $1 $19 30. b4 {[#]} cxb4 $2 (30... Rh6 $1 $19 {Strongly threatening ...Rxg3!} 31. bxc5 dxc5) 31. axb4 $14 {[%cal Ba3b4,Bb4c5][%mdl 32]} Rh6 {Hoping for ...Rxg3!} 32. c5 $1 Rxh5 $2 {[%mdl 8192]} (32... Bg7 $14 33. Qc4 dxc5) 33. Nxh5 $18 Qxh5 34. Rc2 dxc5 $2 (34... Qh3 35. cxd6 Bxd6) 35. bxc5 Qg6 36. Rb1 Qa6 37. Qb3 $2 ({White must play} 37. Qe5+ $18 Ka8 38. Qe8) 37... Qd3 $17 38. Rc3 Qe2 {[%csl Gg8][%cal Re2g2]} 39. g3 h5 $2 {[%mdl 8192]} (39... Bg7 $17 40. Rcc1 Qd3) 40. d6 $18 {Black must now prevent d7.} Qd2 {and the idea ...Bg7 leaves Black hopeful.} 41. Qxf7 {Threatening mate with Qc7+.} Rg7 {[#]} 42. Rxb7+ $1 {[%mdl 512]} Bxb7 43. Qxf8+ Bc8 44. Qxg7 {[%mdl 4096] Endgame KQR-KQB} Qd1+ 45. Kf2 Qd2+ 46. Kg1 $1 Qd1+ 47. Kg2 Bd7 48. Qg8+ Kb7 49. Qb3+ Qxb3 50. Rxb3+ Kc6 51. Ra3 Kxc5 52. Rxa7 Kxd6 53. Kh3 Kd5 {Precision: White = 38%, Black = 28%.} 1-0

[Event "RUS-chT Blitz Men 2018"]
[Site "Sochi"]
[Date "2018.10.10"]
[Round "5"]
[White "Lugovskoy, Maxim"]
[Black "Yuffa, Daniil"]
[Result "0-1"]
[WhiteElo "2428"]
[BlackElo "2563"]
[Annotator "TA"]
[PlyCount "64"]
[EventDate "2018.10.10"]
[EventType "swiss"]
[EventCountry "RUS"]
[SourceTitle "playchess.com"]
[Source "ChessBase"]
[SourceQuality "1"]

{[%evp 9,64,12,14,14,21,0,21,0,14,0,15,-6,13,-11,-16,-19,-19,-19,-14,-31,-18,-40,-27,-36,-6,-36,-19,-57,-5,-58,-32,-81,-73,-173,-177,-147,-150,-161,-55,-108,-124,-320,-313,-523,-529,-770,-763,-996,-1013,-881,-442,-564,-552,-2545,-2448,-2406,-2302]} 1. d4 d5 2. Nc3 c6 3. Bf4 Qb6 4. Rb1 Nf6 5. Nf3 Bf5 6. e3 {D00: 1 d4 d5: Unusual lines} Nbd7 $146 ({Predecessor:} 6... e6 7. Bd3 Bxd3 8. cxd3 a5 9. O-O Be7 10. Na4 Qb5 11. Qc2 Nbd7 12. Rfc1 {½-½ (32) Ibarra Jerez,J (2535)-Perez Candelario,M (2568) Navalmoral 2012}) 7. Bd3 Bg6 8. Ne5 {The position is equal.} e6 9. O-O Be7 10. Qf3 O-O 11. Bg5 {aiming for Nxd7.} (11. Nxg6 {keeps more tension.} hxg6 12. Ne2 c5 13. c4 dxc4 14. Bxc4 cxd4 15. exd4 Rac8 16. Rfc1) 11... Rfe8 12. Nxd7 Nxd7 13. Bxe7 Rxe7 14. Bxg6 hxg6 15. Qg3 c5 16. Rfd1 cxd4 17. Rxd4 Nf8 (17... Rc8 $5 {[%cal Rc8c3]} 18. Na4 Qd8 $11) 18. Rh4 f6 (18... Rc8 $15 19. a3 a5) 19. Ne2 (19. a3 $11) 19... Kf7 20. Rg4 e5 21. h4 (21. Qf3 $17) 21... f5 $1 $19 {[%cal Rf5g4]} 22. Ra4 Qc6 $1 {[%cal Rc6a4]} 23. Nc3 {[#]} b5 ({Black should try} 23... a5 $1 $19 24. h5 b5) 24. Rb4 {[#]} (24. Ra5 $15) 24... a5 $1 $36 {[%cal Ra5b4,Ba7a5,Ba5a4][%mdl 2080] White is under strong pressure.} 25. Rb3 $2 (25. Rxb5 $17 d4 26. Rxe5 dxc3 27. Rxe7+ Kxe7 28. bxc3) 25... b4 $19 26. Ne2 $2 (26. h5 {was called for.}) 26... Qxc2 {Black is clearly winning.} 27. Re1 a4 28. Rc1 Qxe2 29. Rxb4 Nh7 {[%cal Bf8h7,Bh7f6,Bf6g4][%mdl 32]} 30. Rb6 Nf6 31. Rcc6 Qe1+ 32. Kh2 Ng4+ {Precision: White =  7%, Black = 49%.} 0-1

[Event "RUS-chT Blitz Men 2018"]
[Site "Sochi"]
[Date "2018.10.10"]
[Round "5"]
[White "Pogromsky, Mikhail"]
[Black "Basiev, Valeriy P."]
[Result "1-0"]
[WhiteElo "2415"]
[BlackElo "1990"]
[Annotator "TA"]
[PlyCount "93"]
[EventDate "2018.10.10"]
[EventType "swiss"]
[EventCountry "RUS"]
[SourceTitle "playchess.com"]
[Source "ChessBase"]
[SourceQuality "1"]

{[%evp 9,93,12,29,25,33,31,22,15,21,0,27,15,44,40,78,33,29,18,82,6,18,9,6,18,30,37,45,35,25,20,36,36,63,63,77,21,41,8,0,11,8,-6,79,98,118,112,132,128,132,127,141,0,394,132,507,502,485,489,582,506,499,478,868,877,837,829,829,829,1772,1864,2111,1735,29981,29982,29983,29983,29987,29988,29986,29987,29989,29989,29990,29991,29995,29996]} 1. Nf3 d6 2. d4 Bg4 3. Qd3 c6 4. g3 (4. e4 Nf6 5. Nbd2 e6 6. Qe3 Be7 7. Bd3 d5 8. O-O O-O 9. Ne5 Bh5 10. Qh3 Bg6 11. Nxg6 hxg6 {1-0 (39) Carlsen,M (2881)-Milos,G (2583) Caxias do Sul 2014}) 4... Nf6 5. Bg2 Nbd7 6. O-O {A41: 1 d4 d6: Tartakower System and Modern Defence} e6 7. c4 Be7 8. Nc3 {The position is equal.} O-O 9. b3 $146 ({Predecessor:} 9. e4 e5 10. Be3 a6 11. h3 Bh5 12. Nh4 exd4 13. Qxd4 Ne5 14. b3 Ne8 {½-½ (14) Bochev,K (2183)-Georgiev,K (2452) Plovdiv 2003}) 9... a6 10. Bb2 Rc8 11. e4 e5 12. Rfe1 b5 13. cxb5 (13. Nd2 {feels hotter.} exd4 14. Qxd4 Re8 15. h3 Be6 16. Ne2) 13... cxb5 (13... axb5 $11 14. Ne2 Ra8) 14. dxe5 (14. Nh4 $16) 14... dxe5 $11 15. Nd5 Nxd5 16. exd5 Bxf3 17. Bxf3 Bd6 18. Bg4 Re8 19. Rac1 Rxc1 20. Rxc1 Nc5 21. Qe3 Qe7 22. Re1 ({White should try} 22. Ba3 $16 Nd7 23. Bxd6 Qxd6 24. Bxd7 Qxd7 25. Qc5) 22... g6 23. Bd1 f5 24. b4 $36 {[%mdl 2048] White fights for an advantage.} Ne4 25. a3 Bb8 (25... a5 $11 {remains equal.}) 26. Bb3 $16 Kf8 27. Kg2 Ba7 28. Qh6+ Qg7 29. Qxg7+ Kxg7 30. f4 ({White should play} 30. Rc1 $16 Bd4 31. Rc7+ Kf8 32. Bc1) 30... Nd2 $2 {[%mdl 8192]} (30... Bd4 $11 {and Black has nothing to worry.} 31. Bxd4 exd4) 31. Bxe5+ $2 (31. d6 $18 {and White stays clearly on top.} Kf8 32. fxe5 Nxb3 33. d7) 31... Kh6 $2 {[%mdl 8192] [#]} (31... Kf8 $16 {is a better chance.}) 32. Bg7+ $1 $18 {[%mdl 512]} Kxg7 33. Rxe8 {[%mdl 4096] Endgame KRB-KBN} Bd4 {Black hopes to continue with ...Kf7.} 34. Bc2 Nc4 35. Bd3 Nd6 (35... Kf7 $142) 36. Re6 Nf7 37. Rxa6 Bb2 38. Bxb5 h6 39. Be8 Nd8 40. Ra8 Nb7 41. Ra7 {White mates.} Kf8 42. Rxb7 Kxe8 43. a4 {[%cal Ba3a4,Ba4a5,Ba5a6,Ba6a7][%mdl 32]} g5 44. a5 gxf4 45. gxf4 Bc1 46. a6 Bxf4 47. a7 {Precision: White = 38%, Black = 24%.} 1-0

[Event "RUS-chT Blitz Men 2018"]
[Site "Sochi"]
[Date "2018.10.10"]
[Round "5"]
[White "Savitskiy, Sergey"]
[Black "Romanov, Evgeny"]
[Result "0-1"]
[WhiteElo "2413"]
[BlackElo "2614"]
[Annotator "TA"]
[PlyCount "68"]
[EventDate "2018.10.10"]
[EventType "swiss"]
[EventCountry "RUS"]
[SourceTitle "playchess.com"]
[Source "ChessBase"]
[SourceQuality "1"]

{[%evp 11,68,19,44,16,31,20,20,20,1,-10,0,-86,-92,-97,-50,-86,-91,-85,-87,-103,-71,-77,-70,-72,-65,-86,-85,-100,-100,-115,-115,-135,-50,-78,-50,-59,-54,-108,-35,-54,-50,-225,-212,-268,-261,-268,-270,-250,-259,-264,-268,-255,-251,-678,-441,-747,-728,-1103,-1068]} 1. e4 c5 2. Nf3 a6 3. Nc3 b5 4. d4 cxd4 5. Nxd4 Bb7 6. a3 {B28: Sizilianisch (Frühes a7-a6)} (6. Bg5 Qc7 7. Qd2 e6 8. Bd3 Nc6 9. Nxc6 Qxc6 10. O-O Ne7 11. Rfe1 Ng6 12. a4 b4 13. Nd5 h6 {0-1 (38) Caruana,F (2807)-Nepomniachtchi,I (2751) Saint Louis 2017}) 6... g6 {LiveBook: 3 Partien} 7. h4 h5 $146 ({Vorgänger:} 7... Bg7 8. h5 d6 9. Be3 Nf6 10. h6 Bf8 11. f3 {1-0 (38) Gusev,V (2410)-Polovodin,I Novosibirsk 1976}) 8. Bg5 {Weiß steht etwas besser.} Bg7 9. Qd2 Nc6 {[%cal Bb8c6,Bc6e5,Be5c4][%mdl 32]} 10. Nde2 Ne5 11. Rd1 {[#]} (11. Nd4 $11 {hält das Gleichgewicht.}) 11... Nc4 $1 $17 {[%cal Rc4d2]} 12. Qc1 Nf6 13. f3 Rc8 14. g3 O-O 15. Bg2 Nh7 16. Be3 Nxe3 17. Qxe3 Qc7 18. Bh3 e6 19. O-O d6 20. Rd2 Nf6 21. Rfd1 {[#]} Rfd8 (21... Nd7 $1 $17 22. Rxd6 Ne5) 22. Kg2 Ne8 23. Nd4 Qe7 24. Nce2 ({Besser ist} 24. Rd3 $15) 24... Rc4 ({Günstiger ist} 24... Kh7 $17 {...Lh6 ist eine echte Drohung.} 25. Rd3 Nf6) 25. c3 Kh7 {Droht stark ...e5.} 26. Kh2 $2 ({Lieber} 26. Qf2 $15) 26... Bh6 27. f4 e5 28. Nf3 Rxe4 29. Qf2 exf4 30. Nxf4 Rxf4 31. gxf4 Bxf4+ 32. Kg1 $2 (32. Kg2 Bxd2 33. Rxd2) 32... Bxf3 {Schwarz steht klar auf Gewinn.} 33. Qxf3 (33. Re1 $142 Qf6 34. Rd4) 33... Bxd2 $19 34. Rxd2 Qe1+ {Precision: Weiß = 30%, Schwarz = 60%.} 0-1

[Event "RUS-chT Blitz Men 2018"]
[Site "Sochi"]
[Date "2018.10.10"]
[Round "5"]
[White "Nechaev, Oleg"]
[Black "Tatarintsev, Egor"]
[Result "1-0"]
[WhiteElo "2400"]
[BlackElo "2086"]
[Annotator "NA RC"]
[PlyCount "119"]
[EventDate "2018.10.10"]
[EventType "swiss"]
[EventCountry "RUS"]
[SourceTitle "playchess.com"]
[Source "ChessBase"]
[SourceQuality "1"]
[TimeControl "180+2"]

1. d4 {[%emt 0:00:00]} e6 {[%emt 0:00:00]} 2. Nf3 {[%emt 0:00:02]} Nf6 {[%emt 0:00:00]} 3. Bg5 {[%emt 0:00:01]} b6 {[%emt 0:00:09]} 4. Nbd2 {[%emt 0:00:02]} Bb7 {[%emt 0:00:06]} 5. e4 {[%emt 0:00:01]} h6 {[%emt 0:00:01]} 6. Bxf6 {[%emt 0:00:04]} Qxf6 {[%emt 0:00:01]} 7. c3 {[%emt 0:00:02]} g5 {[%emt 0:00:11]} 8. Bd3 {[%emt 0:00:06]} Nc6 {[%emt 0:00:22]} 9. Qe2 {[%emt 0:00:11]} Be7 {[%emt 0:00:28]} 10. O-O-O {[%emt 0:00:12]} O-O-O {[%emt 0:00:04]} 11. Kb1 {[%emt 0:00:11]} Qg7 {[%emt 0:00:08]} 12. Ba6 {[%emt 0:00:14]} Nb8 {[%emt 0:00:05]} 13. Bxb7+ {[%emt 0:00:02]} Kxb7 {[%emt 0:00:01]} 14. Ka1 {[%emt 0:00:04]} d6 {[%emt 0:00:21]} 15. d5 {[%emt 0:00:06]} Bf6 {[%emt 0:00:10]} 16. Nb3 {[%emt 0:00:02]} c6 {[%emt 0:00:22]} 17. Nfd4 {[%emt 0:00:35]} c5 {[%emt 0:00:14]} 18. Nc2 {[%emt 0:00:12]} Qf8 {[%emt 0:00:14]} 19. Ne3 {[%emt 0:00:06]} Qe8 {[%emt 0:00:02]} 20. Qf3 {[%emt 0:00:07]} Be5 {[%emt 0:00:08]} 21. Rhe1 {[%emt 0:00:01]} Rf8 {[%emt 0:00:13]} 22. g3 {[%emt 0:00:02]} Qa4 {[%emt 0:00:03]} 23. Ng4 Nd7 {[%emt 0:00:10]} 24. Qe3 {[%emt 0:00:20]} f5 {[%emt 0:00:06]} 25. dxe6 {[%emt 0:00:07]} fxg4 {[%emt 0:00:01]} 26. e7 {[%emt 0:00:01]} Rfe8 {[%emt 0:00:04]} 27. exd8=Q {[%emt 0:00:05]} Rxd8 {[%emt 0:00:01]} 28. Rd2 {[%emt 0:00:19]} Rf8 {[%emt 0:00:01]} 29. Qd3 {[%emt 0:00:06]} Qc6 {[%emt 0:00:02]} 30. Qe2 {[%emt 0:00:02]} Rf3 {[%emt 0:00:04]} 31. Red1 {[%emt 0:00:01]} Nf6 {[%emt 0:00:03]} 32. Re1 {[%emt 0:00:10]} Nd7 {[%emt 0:00:03]} 33. Rd5 {[%emt 0:00:08]} Nf6 {[%emt 0:00:01]} 34. Rdd1 {[%emt 0:00:01]} Nd7 {[%emt 0:00:04]} 35. Nd2 {[%emt 0:00:01]} Rf7 {[%emt 0:00:03]} 36. Nc4 {[%emt 0:00:04]} Re7 {[%emt 0:00:02]} 37. Rd2 {[%emt 0:00:03]} Nf6 {[%emt 0:00:02]} 38. Qd3 {[%emt 0:00:06]} Kc7 {[%emt 0:00:01]} 39. f3 {[%emt 0:00:02]} gxf3 {[%emt 0:00:01]} 40. Qxf3 {[%emt 0:00:01]} g4 {[%emt 0:00:00]} 41. Qf5 {[%emt 0:00:01]} Qd7 {[%emt 0:00:02]} 42. Nxe5 {[%emt 0:00:06]} Qxf5 43. exf5 {[%emt 0:00:01]} Rxe5 {[%emt 0:00:07]} 44. Rxe5 {[%emt 0:00:01]} dxe5 {[%emt 0:00:01]} 45. Kb1 {[%emt 0:00:02]} e4 {[%emt 0:00:02]} 46. Kc2 {[%emt 0:00:01]} Nd7 {[%emt 0:00:02]} 47. Re2 {[%emt 0:00:03]} Ne5 {[%emt 0:00:01]} 48. Rxe4 {[%emt 0:00:01]} Kd6 {[%emt 0:00:01]} 49. b3 {[%emt 0:00:03]} Kd5 {[%emt 0:00:03]} 50. Rf4 {[%emt 0:00:03]} Kd6 {[%emt 0:00:04]} 51. f6 {[%emt 0:00:01]} Ke6 {[%emt 0:00:01]} 52. f7 {[%emt 0:00:01]} Nxf7 {[%emt 0:00:01]} 53. Rxg4 {[%emt 0:00:01]} Ng5 {[%emt 0:00:01]} 54. h4 {[%emt 0:00:09]} Nf3 {[%emt 0:00:02]} 55. Rg6+ {[%emt 0:00:02]} Kf5 {[%emt 0:00:03]} 56. Rxh6 {[%emt 0:00:01]} Kg4 {[%emt 0:00:00]} 57. Rg6+ {[%emt 0:00:02]} Kh5 {[%emt 0:00:01]} 58. Rg7 {[%emt 0:00:01]} a5 {[%emt 0:00:03]} 59. a4 {[%emt 0:00:01]} Ne5 {[%emt 0:00:02]} 60. Rg5+ {[%emt 0:00:02]} 1-0

[Event "RUS-chT Blitz Men 2018"]
[Site "Sochi"]
[Date "2018.10.10"]
[Round "5"]
[White "Sergeyev, Alexander"]
[Black "Alekseev, Evgeny"]
[Result "0-1"]
[WhiteElo "2397"]
[BlackElo "2620"]
[Annotator "TA"]
[PlyCount "62"]
[EventDate "2018.10.10"]
[EventType "swiss"]
[EventCountry "RUS"]
[SourceTitle "playchess.com"]
[Source "ChessBase"]
[SourceQuality "1"]

{[%evp 17,62,0,64,65,58,62,72,30,32,25,33,-18,-18,-15,-14,-8,0,-197,-60,-64,0,0,0,0,0,0,-4,0,0,-67,-20,-68,0,-35,-10,-153,209,210,183,196,184,189,176,190,192,197,185]} 1. e4 c5 2. Nc3 e6 3. g3 Nc6 4. Bg2 Nf6 5. d3 d5 6. exd5 Nxd5 7. Nge2 Nxc3 8. Nxc3 Be7 9. O-O O-O {LiveBook: 3 Games. B23: Closed Sicilian: Lines without g3} (9... Bd7 $11) 10. Bxc6 $146 ({Predecessor:} 10. Re1 Nd4 11. Ne4 e5 12. h4 Be6 13. c3 Nc6 14. Be3 Bd5 15. c4 Bxe4 16. Bxe4 Qd7 17. Qf3 {½-½ (39) Larino Nieto,D (2451)-Shirov,A (2696) Rabat 2015}) 10... bxc6 11. Qf3 e5 {White is slightly better.} 12. Be3 Rb8 13. b3 f5 14. Na4 (14. Qxc6 $14 Bb7 15. Qe6+ Kh8 16. Rae1 (16. Qxe5 Bf6 $15)) 14... f4 $1 $11 {[%cal Rf4e3]} 15. Bxc5 fxg3 16. Qxg3 Rf4 17. Kh1 $2 ({Avoid the trap} 17. Bxa7 $2 Rb7 $19) (17. f3 $11 {and White stays safe.}) 17... Bh4 (17... Qd5+ $19 18. Qg2 Bxc5 19. Qxd5+ cxd5 20. Nxc5 Bg4) 18. Qg2 $15 Bg4 ({Better is} 18... Rg4 $1 $15 19. Qf3 Rf4) 19. f3 $11 Bh5 20. Be3 Rf5 21. Nc5 $40 {[%mdl 128] Black needs to defend precisely.} Qd5 $1 {[%cal Rh5f3]} 22. Ne4 {Black must now prevent Qh3.} Rbf8 {[%cal Rf5f3]} 23. Nd2 (23. Bxa7 $11 Bxf3 24. Rxf3 Rxf3 25. Bc5) 23... Bd8 24. Rg1 {[%csl Gg1][%cal Rg2g7]} Qf7 ({Black should play} 24... g6 $15) 25. Raf1 Ba5 {And now ...Bxd2 would win.} 26. Ne4 (26. f4 $1 $11 {keeps the balance.}) 26... Bxf3 $2 {[#]} (26... Rxf3 $17 {keeps the pressure on.} 27. Ng5 Rxf1 28. Nxf7 R1xf7) 27. Rxf3 $1 $18 {[%mdl 512] White is clearly better.} Rxf3 {[#]} 28. Ng5 $1 {[%cal Rg5f7]} Qf5 29. Nxf3 Qxf3 30. Qxf3 Rxf3 31. Bxa7 Kf7 {[%mdl 32768] Precision: White = 46%, Black = 38%. . Sensor Board Error (Ke4/e5)?} 0-1

[Event "RUS-chT Blitz Men 2018"]
[Site "Sochi"]
[Date "2018.10.10"]
[Round "5"]
[White "Gogolev, Artem"]
[Black "Dudin, Gleb"]
[Result "1-0"]
[WhiteElo "2389"]
[BlackElo "2178"]
[Annotator "NA"]
[PlyCount "57"]
[EventDate "2018.10.10"]
[EventType "swiss"]
[EventCountry "RUS"]
[SourceTitle "playchess.com"]
[Source "ChessBase"]
[SourceQuality "1"]
[TimeControl "180+2"]

1. Nf3 {[%emt 0:00:00]} Nf6 {[%emt 0:00:00]} 2. g3 {[%emt 0:00:00]} d5 {[%emt 0:00:00]} 3. c4 {[%emt 0:00:06]} c6 {[%emt 0:00:01]} 4. Bg2 {[%emt 0:00:01]} Bg4 {[%emt 0:00:03]} 5. O-O {[%emt 0:00:05]} e6 {[%emt 0:00:03]} 6. d3 {[%emt 0:00:02]} Nbd7 {[%emt 0:00:04]} 7. Nc3 {[%emt 0:00:09]} Be7 {[%emt 0:00:23]} 8. Qc2 {[%emt 0:00:12]} O-O {[%emt 0:00:04]} 9. cxd5 {[%emt 0:00:02]} exd5 {[%emt 0:00:39]} 10. e4 {[%emt 0:00:05]} dxe4 {[%emt 0:00:01]} 11. dxe4 {[%emt 0:00:01]} Nc5 {[%emt 0:00:14]} 12. Rd1 {[%emt 0:00:21]} Qc8 {[%emt 0:00:16]} 13. e5 {[%emt 0:00:13]} Nfd7 {[%emt 0:00:45]} 14. Re1 {[%emt 0:00:31]} Re8 {[%emt 0:00:21]} 15. Nd4 {[%emt 0:00:19]} Nf8 {[%emt 0:00:17]} 16. Be3 {[%emt 0:00:17]} Nfe6 {[%emt 0:00:14]} 17. Nxe6 {[%emt 0:00:04]} Nxe6 {[%emt 0:00:02]} 18. h3 {[%emt 0:00:07]} Bh5 {[%emt 0:00:03]} 19. f4 {[%emt 0:00:01]} Bc5 {[%emt 0:00:04]} 20. g4 {[%emt 0:00:06]} Bxe3+ {[%emt 0:00:02]} 21. Rxe3 {[%emt 0:00:02]} Nxf4 {[%emt 0:00:02]} 22. gxh5 {[%emt 0:00:03]} Qd8 {[%emt 0:00:03]} 23. Qf2 {[%emt 0:00:04]} Qg5 {[%emt 0:00:02]} 24. Rf1 {[%emt 0:00:10]} Nxg2 {[%emt 0:00:02]} 25. Rg3 {[%emt 0:00:02]} Qh6 {[%emt 0:00:02]} 26. Rxg2 {[%emt 0:00:04]} Re7 {[%emt 0:00:02]} 27. Ne4 {[%emt 0:00:06]} Kh8 {[%emt 0:00:01]} 28. Nd6 {[%emt 0:00:03]} Rf8 {[%emt 0:00:02]} 29. Nf5 {[%emt 0:00:01]} 1-0